000 00641nam a2200181 i 4500
001 30836
003 ES-MaACL
005 20230906154248.0
007 t|
008 030127s1921 it ||||1| ita d
100 1 _aBellini, Clitofonte.
_927223
245 1 0 _aTratatto elementare teorico-pratico di Ragioneria generale /
_cde Clitofonte Bellini ; preceduto della conferenza Il Pensiero e l'Opera di Giuseppe Cerboni.
250 _a9ยช ed. riv. e accrescuita.
260 _aMilano :
_b[s.n.,
_c1921] (
_fUmberto Allegretti)
300 _aXXXV, 469 p. ;
_c23 cm.
700 1 _aCerboni, Giuseppe.
_937443
852 _aES-MaACL
_jF-5511
_bR.5110
999 _c30836
_d30836